| 000 | 00344nam a2200121Ia 4500 | ||
|---|---|---|---|
| 008 | 250110s9999 xx 000 0 und d | ||
| 041 | _aeng | ||
| 100 |
_aThuse Harshada _9208700 |
||
| 245 | _aNational Institute Of Design : Pune | ||
| 260 |
_bFinal Year B. Arch, BNCA _c2011 |
||
| 300 | _a81p | ||
| 700 |
_aGuide Name:Sahastrabuddhe Swati _9209887 |
||
| 999 |
_c363078 _d363078 |
||